The Masters Champions - Statistics

General Stats
  • This quiz has been taken 164 times
    11 since last reset
  • The average score is 64 of 90
Answer Stats
Hint Answer % Correct
2013 Adam Scott
100%
2009 Ángel Cabrera
100%
1941 Craig Wood
100%
2016 Danny Willett
100%
2020 Dustin Johnson
100%
2021 Hideki Matsuyama
100%
2023 Jon Rahm
100%
2015 Jordan Spieth
100%
2018 Patrick Reed
100%
2004 Phil Mickelson
100%
2006 Phil Mickelson
100%
2010 Phil Mickelson
100%
2025 Rory McIlroy
100%
2026 Rory McIlroy
100%
2022 Scottie Scheffler
100%
2024 Scottie Scheffler
100%
2017 Sergio García
100%
1997 Tiger Woods
100%
2001 Tiger Woods
100%
2002 Tiger Woods
100%
2005 Tiger Woods
100%
2019 Tiger Woods
100%
2000 Vijay Singh
100%
2007 Zach Johnson
100%
1985 Bernhard Langer
80%
1993 Bernhard Langer
80%
2012 Bubba Watson
80%
2014 Bubba Watson
80%
2011 Charl Schwartzel
80%
1991 Ian Woosnam
80%
1963 Jack Nicklaus
80%
1965 Jack Nicklaus
80%
1966 Jack Nicklaus
80%
1972 Jack Nicklaus
80%
1975 Jack Nicklaus
80%
1986 Jack Nicklaus
80%
1994 José María Olazábal
80%
1999 José María Olazábal
80%
1998 Mark O'Meara
80%
2003 Mike Weir
80%
1989 Nick Faldo
80%
1990 Nick Faldo
80%
1996 Nick Faldo
80%
1988 Sandy Lyle
80%
1980 Seve Ballesteros
80%
1983 Seve Ballesteros
80%
1977 Tom Watson
80%
1981 Tom Watson
80%
1958 Arnold Palmer
60%
1960 Arnold Palmer
60%
1962 Arnold Palmer
60%
1964 Arnold Palmer
60%
1951 Ben Hogan
60%
1953 Ben Hogan
60%
1937 Byron Nelson
60%
1942 Byron Nelson
60%
1992 Fred Couples
60%
1979 Fuzzy Zoeller
60%
1961 Gary Player
60%
1974 Gary Player
60%
1978 Gary Player
60%
1935 Gene Sarazen
60%
1934 Horton Smith
60%
1936 Horton Smith
60%
1949 Sam Snead
60%
1952 Sam Snead
60%
1954 Sam Snead
60%
1973 Tommy Aaron
60%
2008 Trevor Immelman
60%
1959 Art Wall Jr.
40%
1984 Ben Crenshaw
40%
1995 Ben Crenshaw
40%
1970 Billy Casper
40%
1968 Bob Goalby
40%
1955 Cary Middlecoff
40%
1971 Charles Coody
40%
1948 Claude Harmon
40%
1982 Craig Stadler
40%
1957 Doug Ford
40%
1967 Gay Brewer
40%
1969 George Archer
40%
1938 Henry Picard
40%
1946 Herman Keiser
40%
1956 Jack Burke Jr.
40%
1940 Jimmy Demaret
40%
1947 Jimmy Demaret
40%
1950 Jimmy Demaret
40%
1987 Larry Mize
40%
1939 Ralph Guldahl
40%
1976 Raymond Floyd
40%
No matching quizzes found
Score Distribution
Percent of People with Each Score
Percentile by Number Answered
Your Score History
You have not taken this quiz since the last reset